000 00943nam a2200229 i 4500
001 53259
003 ES-MaACL
005 20250806054527.0
007 t|
008 950912s1827 sp ||||1| spa d
040 _aCAM
_bspa
_cCAM
100 1 _aDurán, Raimundo.
_946201
245 1 0 _aDiscurso inaugural que al empezar las lecciones clínicas el día primero de diciembre del año 1826 /
_cdijo... Raimundo Durán.
260 _aBarcelona :
_bpor José Torner,
_c1827.
300 _a22 p. ;
_c21 cm.
530 _aDisponible en formato digital.
597 _aAdorno tipográfico en portada.
650 7 _aMedicina-
_zEspaña-
_yS.XIX
_2
_9147760
852 _aES-MaACL
_jT-423-F-11
_z.- Des. ms. de José Veleta Sancho a la Biblioteca de "Los Escolares Médicos"
_z.- Firma ms. de Gustavo Saenz Diez
856 _uhttp://bdh-rd.bne.es/viewer.vm?id=0000072456&page=1
_zBiblioteca Digital Hispánica
999 _c53259
_d53259